| 000 | 01399nam a2200349 i 4500 | ||
|---|---|---|---|
| 001 | 000039235 | ||
| 003 | DO-SdBNP | ||
| 005 | 20260605143011.0 | ||
| 007 | ta | ||
| 008 | 130613s2012 dr 000 0 spa d | ||
| 020 | _a9789945410679 | ||
| 040 |
_aDO-SdBNP _bspa _cBNPHU _erda |
||
| 041 | _aspa | ||
| 082 | 4 |
_a928.61 _bV648e _222 |
|
| 100 | 1 |
_aVidal Torres, Rafeal, _965442 _eautor _d1894-1992. _4aut. |
|
| 245 | 1 | 0 |
_aRafael Vidal : _bmedio siglo de historia / _cRafael Vidal Torres ; editor, Piero Espinal Estévez ; compilación, Rosa Peña. |
| 264 |
_aSanto Domingo, República Dominicana : _bEditorial Letra Gráfica, _c2012. |
||
| 300 |
_a894 páginas : _bilustraciones, retratos ; _c24 cm. |
||
| 336 |
_atexto _btxt _2rdacontent |
||
| 337 |
_asin mediación _bn _2rdamedia |
||
| 338 |
_avolumen _bnc _2rdacarrier |
||
| 500 | _aIncluye referencias bibliográficas y notas al pie de las páginas | ||
| 500 | _aIncluye datos biográficos del autor en la solapa de la contracubierta | ||
| 590 | _aInventariado, 2020 /LP | ||
| 600 | 1 | 0 |
_aVidal, Rafael _d1894-1992 _vColecciones de escritos _989825 |
| 650 | 7 |
_aEscritores dominicanos _2LIBRUNAM _954867 |
|
| 650 | 7 |
_aPeriodistas dominicanos _2LEMB _926172 |
|
| 700 | 1 |
_aEspinal Estévez, Piero _eeditor _93550 _4ed. |
|
| 700 | 1 |
_aPeña, Rosa, _ecompilador _977564 _4comp. |
|
| 910 | _aValidado. Control de calidad MFF | ||
| 942 |
_2ddc _cLBS1 |
||
| 999 |
_c38725 _d38725 |
||